[Event "TeamRussiawomen"]
[Site "?"]
[Date "2016.10.06"]
[Round "7.2"]
[White "Pustovoitova, Daria"]
[Black "Ambartsumova, Karina"]
[Result "1-0"]
[LiveChessVersion "1.4.4"]
[BlackElo "2376"]
[WhiteElo "2434"]

1. c4 {[%clk 0:15:19]} e6 {[%clk 0:15:13]} 2. Nf3 {[%clk 0:15:18]} Nf6
{[%clk 0:15:11]} 3. e3 {[%clk 0:15:16]} d5 {[%clk 0:14:56]} 4. Nc3
{[%clk 0:15:23]} c5 {[%clk 0:14:50]} 5. d4 {[%clk 0:15:27]} Nc6 {[%clk 0:14:17]}
6. cxd5 {[%clk 0:15:25]} exd5 {[%clk 0:14:04]} 7. Bb5 {[%clk 0:14:35]} Bd6
{[%clk 0:13:00]} 8. dxc5 {[%clk 0:14:23]} Bxc5 {[%clk 0:13:07]} 9. O-O
{[%clk 0:14:22]} O-O {[%clk 0:13:10]} 10. b3 {[%clk 0:13:31]} Bg4
{[%clk 0:11:17]} 11. h3 {[%clk 0:11:48]} Be6 {[%clk 0:11:13]} 12. Bb2
{[%clk 0:11:48]} Rc8 {[%clk 0:11:07]} 13. Rc1 {[%clk 0:11:51]} Bd6
{[%clk 0:10:28]} 14. Ne2 {[%clk 0:11:33]} a6 {[%clk 0:08:25]} 15. Bd3
{[%clk 0:11:25]} Ne4 {[%clk 0:06:28]} 16. Bxe4 {[%clk 0:07:58]} dxe4
{[%clk 0:06:27]} 17. Nfd4 {[%clk 0:08:05]} Re8 {[%clk 0:03:56]} 18. Nxc6
{[%clk 0:07:52]} bxc6 {[%clk 0:03:41]} 19. Qd4 {[%clk 4:05:45]} Bf8
{[%clk 0:03:43]} 20. Rfd1 {[%clk 0:07:14]} Qg5 21. Nf4 c5 {[%clk 0:02:54]} 22.
Qa4 {[%clk 0:05:52]} Ra8 {[%clk 0:02:58]} 23. Qc6 {[%clk 0:05:52]} Qh6
{[%clk 0:01:46]} 24. Nxe6 {[%clk 0:05:32]} Qxe6 {[%clk 0:01:53]} 25. Qxe6
{[%clk 0:05:39]} Rxe6 {[%clk 0:02:01]} 26. Ba3 {[%clk 0:05:07]} Re5
{[%clk 0:01:02]} 27. Rc4 {[%clk 0:04:44]} f5 {[%clk 0:00:47]} 28. Rd7
{[%clk 0:04:44]} Rc8 {[%clk 0:00:33]} 29. Kf1 {[%clk 0:04:53]} Re7
{[%clk 0:00:36]} 30. Rd5 {[%clk 0:04:47]} g6 {[%clk 0:00:40]} 31. Rdxc5
{[%clk 0:03:36]} Rxc5 {[%clk 0:00:45]} 32. Bxc5 {[%clk 0:03:44]} Rd7
{[%clk 0:00:33]} 33. Bxf8 {[%clk 0:03:39]} Kxf8 {[%clk 0:00:42]} 34. Ke2
{[%clk 0:03:47]} Kf7 {[%clk 0:00:41]} 35. Rd4 {[%clk 0:02:54]} Rc7
{[%clk 0:00:47]} 36. Kd2 {[%clk 0:03:03]} h5 {[%clk 0:00:55]} 37. h4
{[%clk 0:03:06]} Rc6 {[%clk 0:01:00]} 38. Rc4 {[%clk 0:02:56]} Rd6+
{[%clk 0:01:09]} 39. Kc2 {[%clk 0:03:05]} Kf6 {[%clk 0:01:18]} 40. b4
{[%clk 0:03:07]} Re6 {[%clk 0:00:58]} 41. a4 {[%clk 0:03:02]} g5 {[%clk 0:01:02]}
42. hxg5+ {[%clk 0:03:10]} Kxg5 {[%clk 0:01:10]} 43. g3 {[%clk 0:02:51]} h4
{[%clk 0:01:14]} 44. gxh4+ {[%clk 0:03:00]} Kxh4 {[%clk 0:01:23]} 45. b5
{[%clk 0:02:51]} axb5 {[%clk 0:01:23]} 46. axb5 {[%clk 0:02:59]} Kg4
{[%clk 0:01:07]} 47. Kb3 {[%clk 0:03:07]} f4 {[%clk 0:00:46]} 48. exf4
{[%clk 0:03:12]} Kxf4 {[%clk 0:00:54]} 49. Kb4 {[%clk 0:03:17]} Ke5
{[%clk 0:00:23]} 50. Ka5 {[%clk 0:02:44]} Rf6 {[%clk 0:00:22]} 51. Rc2 1-0

[Event "TeamRussiawomen"]
[Site "?"]
[Date "2016.10.06"]
[Round "7.3"]
[White "Nebolsina, Vera"]
[Black "Vasilevich, Irina"]
[Result "1-0"]
[LiveChessVersion "1.4.4"]
[BlackElo "2230"]
[WhiteElo "2234"]

1. g3 {[%clk 0:15:14]} d5 {[%clk 0:15:09]} 2. Nf3 {[%clk 0:15:16]} Bg4
{[%clk 0:15:10]} 3. Bg2 {[%clk 0:15:22]} Nd7 {[%clk 0:15:16]} 4. d4
{[%clk 0:15:22]} e6 {[%clk 0:15:09]} 5. Nbd2 {[%clk 0:15:20]} Ngf6
{[%clk 0:14:42]} 6. O-O {[%clk 0:15:20]} h6 {[%clk 0:14:38]} 7. Re1
{[%clk 0:15:20]} Be7 {[%clk 0:14:30]} 8. e4 {[%clk 0:14:58]} dxe4
{[%clk 0:13:06]} 9. Nxe4 {[%clk 0:15:03]} Nxe4 {[%clk 0:11:28]} 10. Rxe4
{[%clk 0:15:10]} Nf6 {[%clk 0:11:35]} 11. Re1 {[%clk 0:15:17]} c6
{[%clk 0:10:08]} 12. c3 {[%clk 0:15:04]} O-O {[%clk 0:10:13]} 13. Qb3
{[%clk 0:15:09]} Qb6 {[%clk 0:09:54]} 14. Ne5 {[%clk 0:15:13]} Qxb3
{[%clk 0:09:23]} 15. axb3 {[%clk 0:15:19]} Bf5 {[%clk 0:09:32]} 16. Nc4
{[%clk 0:12:45]} Bc2 {[%clk 0:08:28]} 17. Na5 {[%clk 0:12:20]} Rfc8
{[%clk 0:06:58]} 18. b4 {[%clk 0:10:33]} Rc7 {[%clk 0:04:57]} 19. Bf4
{[%clk 0:10:02]} Rd7 {[%clk 0:05:06]} 20. Nxb7 {[%clk 0:10:10]} Rxb7
{[%clk 0:04:39]} 21. Bxc6 {[%clk 0:10:17]} Rab8 {[%clk 0:04:31]} 22. Bxb8
{[%clk 0:10:12]} Rxb8 {[%clk 0:04:40]} 23. Rxa7 {[%clk 0:10:19]} Kf8
{[%clk 0:03:38]} 24. Rea1 {[%clk 0:09:48]} Bd8 {[%clk 0:03:14]} 25. Ra8
{[%clk 0:08:24]} Rxa8 {[%clk 0:03:19]} 26. Rxa8 {[%clk 0:08:32]} Ke7
{[%clk 0:03:29]} 27. c4 {[%clk 0:08:31]} Bd3 {[%clk 0:02:05]} 28. c5
{[%clk 0:07:52]} Nd5 {[%clk 0:01:42]} 29. b5 {[%clk 0:07:30]} Nb4
{[%clk 0:01:37]} 30. Ra7+ {[%clk 0:07:15]} Kf8 {[%clk 0:00:53]} 31. Bd7
{[%clk 0:06:29]} Bf6 {[%clk 0:00:39]} 32. b6 {[%clk 0:04:40]} Bxd4
{[%clk 0:00:47]} 33. b7 {[%clk 0:03:49]} Be5 {[%clk 0:00:56]} 34. Ra8+
{[%clk 0:03:19]} Ke7 {[%clk 0:01:05]} 35. b8=Q {[%clk 0:03:26]} Bxb8
{[%clk 0:01:13]} 36. Rxb8 {[%clk 0:03:35]} Na6 {[%clk 0:01:01]} 37. c6
{[%clk 0:03:37]} Kd6 {[%clk 0:00:46]} 38. Rf8 {[%clk 0:03:31]} Bg6
{[%clk 0:00:46]} 39. Rg8 {[%clk 0:03:32]} Ke7 {[%clk 0:00:37]} 40. Ra8
{[%clk 0:03:36]} Bd3 {[%clk 0:00:41]} 41. f4 {[%clk 0:02:53]} h5 {[%clk 0:00:35]}
42. Kf2 {[%clk 0:03:01]} g6 {[%clk 0:00:39]} 43. Ke3 {[%clk 0:03:07]} Bb5
{[%clk 0:00:46]} 44. Ra7 {[%clk 0:02:55]} Kd6 {[%clk 0:00:49]} 45. Be8
{[%clk 0:03:00]} Nc7 {[%clk 0:00:51]} 46. Bxf7 {[%clk 0:03:00]} Bxc6
{[%clk 0:00:47]} 47. Bxg6 {[%clk 0:03:02]} Nd5+ {[%clk 0:00:48]} 48. Kf2
{[%clk 0:03:09]} Nf6 {[%clk 0:00:56]} 49. h3 {[%clk 0:02:58]} Bd7
{[%clk 0:00:41]} 50. Ra5 {[%clk 0:03:01]} h4 {[%clk 0:00:39]} 51. gxh4
{[%clk 0:03:01]} Nd5 {[%clk 0:00:44]} 52. Kg3 {[%clk 0:03:02]} Ke7
{[%clk 0:00:51]} 53. Ra7 {[%clk 0:03:06]} Nb6 {[%clk 0:00:54]} 54. Bd3
{[%clk 0:02:45]} Kd6 {[%clk 0:00:56]} 55. h5 {[%clk 0:02:46]} Nc8
{[%clk 0:01:00]} 56. Ra8 {[%clk 0:02:39]} Ke7 {[%clk 0:01:05]} 57. h6
{[%clk 0:02:34]} Kf6 {[%clk 0:01:12]} 58. Rb8 {[%clk 0:02:32]} Kf7
{[%clk 0:00:58]} 59. Rb7 {[%clk 0:02:31]} 1-0

[Event "TeamRussiawomen"]
[Site "?"]
[Date "2016.10.06"]
[Round "7.4"]
[White "Gvanceladze, Anna"]
[Black "Belova, Olga"]
[Result "1/2-1/2"]
[LiveChessVersion "1.4.4"]
[BlackElo "2214"]
[WhiteElo "2140"]

1. d4 {[%clk 0:15:18]} d5 {[%clk 0:15:19]} 2. Nf3 {[%clk 0:15:26]} Nf6
{[%clk 0:15:23]} 3. Bf4 {[%clk 0:15:32]} e6 {[%clk 0:15:16]} 4. e3
{[%clk 0:15:39]} Be7 {[%clk 0:15:12]} 5. h3 {[%clk 0:15:46]} O-O {[%clk 0:15:15]}
6. Bd3 {[%clk 0:15:54]} c5 {[%clk 0:15:20]} 7. c3 {[%clk 0:16:01]} b6
{[%clk 0:15:24]} 8. O-O {[%clk 0:16:08]} Bb7 {[%clk 0:15:32]} 9. Nbd2
{[%clk 0:16:17]} Ne4 {[%clk 0:12:36]} 10. Qe2 {[%clk 0:16:05]} Nd7
{[%clk 0:12:32]} 11. Ne5 {[%clk 0:14:54]} f6 {[%clk 0:06:52]} 12. Nxd7
{[%clk 0:14:19]} Qxd7 {[%clk 0:07:01]} 13. Nxe4 {[%clk 0:14:20]} dxe4
{[%clk 0:07:08]} 14. Bb5 {[%clk 0:13:37]} Bc6 {[%clk 0:06:51]} 15. Bxc6
{[%clk 0:13:01]} Qxc6 {[%clk 0:07:00]} 16. f3 {[%clk 0:08:39]} Rac8
{[%clk 0:06:35]} 17. Kh1 {[%clk 0:08:23]} Rfd8 {[%clk 0:06:15]} 18. Rf2
{[%clk 0:08:11]} Bd6 {[%clk 0:03:45]} 19. fxe4 {[%clk 0:07:28]} Qxe4
{[%clk 0:03:50]} 20. Bxd6 {[%clk 0:07:36]} Rxd6 {[%clk 0:03:58]} 21. Rf4
{[%clk 0:07:41]} Qb7 {[%clk 0:03:46]} 22. Raf1 {[%clk 0:07:41]} b5
{[%clk 0:03:42]} 23. Qh5 {[%clk 0:07:14]} Rd5 {[%clk 0:03:21]} 24. Qf3
{[%clk 0:06:34]} Rd7 {[%clk 0:03:30]} 25. Qg3 {[%clk 0:06:39]} Kh8
{[%clk 0:03:18]} 26. Qg4 {[%clk 0:06:28]} Rd6 {[%clk 0:02:02]} 27. h4
{[%clk 0:05:35]} Qf7 {[%clk 0:01:27]} 28. a3 {[%clk 0:05:35]} Qg6
{[%clk 0:01:27]} 29. Qh3 {[%clk 0:05:39]} h6 30. Rg4 {[%clk 0:05:30]} Qd3
{[%clk 0:00:47]} 31. Qf3 {[%clk 0:04:06]} f5 {[%clk 0:00:18]} 32. Rg6
{[%clk 0:03:36]} Kh7 {[%clk 0:00:19]} 33. h5 {[%clk 0:03:45]} cxd4
{[%clk 0:00:18]} 34. cxd4 {[%clk 0:03:14]} Rc2 {[%clk 0:00:12]} 35. Rg1
{[%clk 0:03:17]} Qe2 {[%clk 0:00:21]} 36. Qh3 {[%clk 0:02:10]} Rxb2
{[%clk 0:00:14]} 37. Rc1 {[%clk 0:02:01]} Qf2 {[%clk 0:00:16]} 38. Kh2
{[%clk 0:01:50]} Rd7 {[%clk 0:00:13]} 39. Rxe6 {[%clk 0:01:54]} Rf7
{[%clk 0:00:21]} 40. Re8 {[%clk 0:01:57]} Rc2 {[%clk 0:00:22]} 41. Rxc2
{[%clk 0:01:15]} Qxc2 {[%clk 0:00:31]} 42. Qg3 {[%clk 0:01:23]} Qc6
{[%clk 0:00:15]} 43. d5 {[%clk 0:01:14]} Qc7 {[%clk 0:00:11]} 44. Qxc7
{[%clk 0:00:19]} Rxc7 {[%clk 0:00:20]} 45. Rb8 {[%clk 0:00:16]} a6
{[%clk 0:00:19]} 46. Rb6 {[%clk 0:00:24]} Rc3 {[%clk 0:00:17]} 47. Rxa6
{[%clk 0:00:19]} Rxe3 {[%clk 0:00:26]} 48. d6 {[%clk 0:00:21]} Rd3
{[%clk 0:00:35]} 49. Kg1 {[%clk 0:00:30]} Kg8 {[%clk 0:00:39]} 50. Kf2
{[%clk 0:00:38]} Kf7 {[%clk 0:00:40]} 51. Ra7+ {[%clk 0:00:45]} Kf6
{[%clk 0:00:39]} 52. d7 {[%clk 0:00:32]} Ke7 {[%clk 0:00:16]} 53. Ra5
{[%clk 0:00:16]} Rd5 {[%clk 0:00:23]} 54. Ke3 {[%clk 0:00:22]} Kxd7
{[%clk 0:00:32]} 55. Ra7+ {[%clk 0:00:30]} Ke6 {[%clk 0:00:31]} 56. Rxg7
{[%clk 0:00:38]} Re5+ {[%clk 0:00:40]} 57. Kd3 {[%clk 0:00:43]} Kd5
{[%clk 0:00:24]} 58. Rd7+ {[%clk 0:00:29]} Kc6 {[%clk 0:00:23]} 59. Rg7
{[%clk 0:00:28]} Kd5 {[%clk 0:00:32]} 60. Rg6 {[%clk 0:00:33]} f4
{[%clk 0:00:40]} 61. Rxh6 {[%clk 0:00:24]} Re3+ {[%clk 0:00:50]} 62. Kc2
{[%clk 0:00:22]} Rxa3 {[%clk 0:00:58]} 63. Rb6 {[%clk 0:00:17]} Kc5
{[%clk 0:01:06]} 64. Rf6 {[%clk 0:00:25]} Ra2+ {[%clk 0:00:45]} 65. Kb3
{[%clk 0:00:34]} Rxg2 {[%clk 0:00:49]} 66. Rxf4 {[%clk 0:00:42]} Rg3+
{[%clk 0:00:57]} 67. Kb2 {[%clk 0:00:48]} Rh3 {[%clk 0:01:05]} 68. Rf5+
{[%clk 0:00:56]} Kb4 {[%clk 0:01:12]} 69. Rf4+ {[%clk 0:01:05]} Ka5
{[%clk 0:01:21]} 70. Rf5 {[%clk 0:01:13]} Ka4 {[%clk 0:01:30]} 71. Rg5
{[%clk 0:01:00]} Rh2+ {[%clk 0:01:23]} 72. Kb1 {[%clk 0:00:54]} b4
{[%clk 0:01:27]} 73. Rf5 {[%clk 0:01:00]} Ka3 {[%clk 0:01:21]} 74. Rf3+
{[%clk 0:00:56]} b3 {[%clk 0:01:30]} 75. Rf1 {[%clk 0:01:05]} Rxh5
{[%clk 0:01:32]} 76. Rg1 {[%clk 0:01:14]} Rh2 {[%clk 0:01:38]} 77. Rf1
{[%clk 0:01:22]} Rb2+ {[%clk 0:01:19]} 78. Ka1 {[%clk 0:01:29]} Rd2
{[%clk 0:01:14]} 79. Kb1 {[%clk 0:01:38]} Kb4 {[%clk 0:01:23]} 80. Rf4+
{[%clk 0:01:45]} Kc3 {[%clk 0:01:32]} 81. Rf3+ {[%clk 0:01:54]} Kb4
{[%clk 0:01:31]} 82. Rf4+ {[%clk 0:02:03]} Ka3 {[%clk 0:01:36]} 83. Rf1
{[%clk 0:02:12]} Rh2 {[%clk 0:01:45]} 84. Rg1 {[%clk 0:02:20]} Rh3
{[%clk 0:01:45]} 85. Rf1 {[%clk 0:02:28]} Kb4 {[%clk 0:01:46]} 86. Rf4+
{[%clk 0:02:34]} Kc3 {[%clk 0:01:55]} 87. Rf1 {[%clk 0:02:43]} b2
{[%clk 0:01:28]} 88. Rg1 {[%clk 0:02:43]} 1/2-1/2

[Event "TeamRussiawomen"]
[Site "?"]
[Date "2016.10.06"]
[Round "7.5"]
[White "Pogonina, Natalija"]
[Black "Bodnaruk, Anastasia"]
[Result "1/2-1/2"]
[LiveChessVersion "1.4.4"]
[BlackElo "2487"]
[WhiteElo "2458"]

1. e4 {[%clk 0:15:18]} c5 {[%clk 0:15:16]} 2. Nf3 {[%clk 0:15:27]} d6
{[%clk 0:15:25]} 3. d4 {[%clk 0:15:35]} cxd4 {[%clk 0:15:34]} 4. Nxd4
{[%clk 0:15:43]} Nf6 {[%clk 0:15:44]} 5. Nc3 {[%clk 0:15:50]} a6 {[%clk 0:15:53]}
6. Be2 {[%clk 0:15:58]} e5 {[%clk 0:16:02]} 7. Nb3 {[%clk 0:16:06]} Be7
{[%clk 0:16:10]} 8. O-O {[%clk 0:15:56]} O-O {[%clk 0:16:19]} 9. Qd3
{[%clk 0:16:04]} Be6 {[%clk 0:15:55]} 10. Nd5 {[%clk 0:16:11]} Bxd5
{[%clk 0:16:03]} 11. exd5 {[%clk 0:16:19]} Nbd7 {[%clk 0:16:05]} 12. Be3
{[%clk 0:16:14]} Re8 {[%clk 0:16:07]} 13. Rfd1 {[%clk 0:14:49]} Bf8
{[%clk 0:16:06]} 14. c4 {[%clk 0:14:45]} Rc8 {[%clk 0:16:00]} 15. Rac1
{[%clk 0:14:32]} g6 {[%clk 0:14:51]} 16. Qb1 {[%clk 0:13:47]} h6 {[%clk 0:13:22]}
17. Nd2 {[%clk 0:12:56]} e4 {[%clk 0:12:56]} 18. b4 {[%clk 0:12:41]} Ne5
{[%clk 0:11:32]} 19. Nf1 {[%clk 0:10:52]} Nfg4 {[%clk 0:10:31]} 20. Bd4
{[%clk 0:10:32]} f5 {[%clk 0:09:50]} 21. c5 {[%clk 0:09:23]} dxc5
{[%clk 0:08:03]} 22. Bxc5 {[%clk 0:05:28]} Bd6 {[%clk 0:08:02]} 23. h3
{[%clk 0:05:27]} Nf6 {[%clk 0:08:01]} 24. Be3 {[%clk 0:05:13]} g5
{[%clk 0:06:32]} 25. Rxc8 {[%clk 0:05:14]} Qxc8 {[%clk 0:06:41]} 26. Bc5
{[%clk 0:05:22]} Qd7 {[%clk 0:05:08]} 27. Bxd6 {[%clk 0:04:58]} Qxd6
{[%clk 0:05:18]} 28. Ng3 {[%clk 0:05:07]} Qd7 {[%clk 0:04:58]} 29. d6
{[%clk 0:05:15]} Kg7 {[%clk 0:03:38]} 30. b5 {[%clk 0:05:15]} axb5
{[%clk 0:03:04]} 31. Bxb5 Nc6 32. Qb2 {[%clk 0:03:45]} Kg6 {[%clk 0:03:18]} 33.
Ne2 {[%clk 0:03:12]} Re6 {[%clk 0:02:57]} 34. Bc4 {[%clk 0:02:37]} Rxd6
{[%clk 0:02:50]} 35. Rxd6 Qxd6 {[%clk 0:02:59]} 36. Qxb7 {[%clk 0:02:51]} Ne5
{[%clk 0:03:01]} 37. Qb3 {[%clk 0:02:44]} Qc5 {[%clk 0:02:33]} 38. Bb5
{[%clk 0:02:39]} f4 {[%clk 0:01:56]} 39. a4 {[%clk 0:02:18]} f3 {[%clk 0:01:47]}
40. Ng3 {[%clk 0:02:26]} Qc1+ {[%clk 0:01:36]} 41. Bf1 {[%clk 0:02:28]} Qc5
{[%clk 0:01:00]} 1/2-1/2

[Event "TeamRussiawomen"]
[Site "?"]
[Date "2016.10.06"]
[Round "7.6"]
[White "Ovod, Evgenija"]
[Black "Mkrtchian, Lilit"]
[Result "1/2-1/2"]
[LiveChessVersion "1.4.4"]
[BlackElo "2425"]
[WhiteElo "2243"]

1. d4 {[%clk 0:15:19]} Nf6 {[%clk 0:15:17]} 2. Bg5 {[%clk 0:15:27]} e6
{[%clk 0:14:57]} 3. e3 {[%clk 0:15:35]} c5 {[%clk 0:14:32]} 4. c3
{[%clk 0:15:26]} h6 {[%clk 0:14:25]} 5. Bh4 {[%clk 0:15:33]} cxd4
{[%clk 0:13:48]} 6. exd4 {[%clk 0:15:26]} d6 {[%clk 0:13:51]} 7. Nf3
{[%clk 0:14:51]} Be7 {[%clk 0:13:58]} 8. Bd3 {[%clk 0:14:52]} Nbd7
{[%clk 0:14:03]} 9. Nbd2 {[%clk 0:14:22]} b6 {[%clk 0:14:05]} 10. Qe2
{[%clk 0:13:20]} a6 {[%clk 0:14:05]} 11. Ne4 {[%clk 0:10:10]} Bb7
{[%clk 0:13:53]} 12. Nxf6+ {[%clk 0:09:57]} Nxf6 {[%clk 0:13:50]} 13. Bxf6
{[%clk 0:09:56]} Bxf6 {[%clk 0:13:58]} 14. Be4 {[%clk 0:10:05]} Qc7
{[%clk 0:12:13]} 15. O-O {[%clk 0:08:46]} O-O {[%clk 0:12:16]} 16. Rfe1
{[%clk 0:08:26]} Rac8 {[%clk 0:11:18]} 17. Rad1 {[%clk 0:07:21]} b5
{[%clk 0:09:31]} 18. a3 {[%clk 0:07:24]} Rfe8 {[%clk 0:08:24]} 19. h4
{[%clk 0:05:56]} Bxe4 {[%clk 0:07:30]} 20. Qxe4 {[%clk 0:06:04]} a5
{[%clk 0:07:38]} 21. d5 {[%clk 0:04:58]} e5 {[%clk 0:07:30]} 22. h5
{[%clk 0:05:02]} Qc4 {[%clk 0:07:17]} 23. Nd2 {[%clk 0:02:40]} Qxe4
{[%clk 0:07:20]} 24. Nxe4 {[%clk 0:02:46]} Be7 {[%clk 0:07:29]} 25. g4
{[%clk 0:02:47]} Rc4 {[%clk 0:04:48]} 26. f3 {[%clk 0:02:31]} Rf8
{[%clk 0:04:53]} 27. Kg2 {[%clk 0:01:42]} f5 {[%clk 0:04:55]} 28. gxf5
{[%clk 0:01:49]} Rxf5 {[%clk 0:05:05]} 29. Rh1 {[%clk 0:01:57]} Rf8
{[%clk 0:03:35]} 30. Kg3 {[%clk 0:01:54]} Rb8 {[%clk 0:03:30]} 31. Rd2
{[%clk 0:01:31]} Rc7 {[%clk 0:03:24]} 32. Kg4 {[%clk 0:01:12]} Rf8
{[%clk 0:03:22]} 33. Kg3 Rb8 {[%clk 0:03:31]} 34. Kg4 {[%clk 0:01:27]} Rf8
{[%clk 0:03:40]} 1/2-1/2

[Event "TeamRussiawomen"]
[Site "?"]
[Date "2016.10.06"]
[Round "7.7"]
[White "Nechaeva, Marina"]
[Black "Travkina, Anastasia"]
[Result "1-0"]
[LiveChessVersion "1.4.4"]
[BlackElo "2237"]
[WhiteElo "2425"]

1. d4 {[%clk 0:15:19]} d5 {[%clk 0:15:19]} 2. c4 {[%clk 0:15:28]} c6
{[%clk 0:15:28]} 3. Nc3 {[%clk 0:15:37]} Nf6 {[%clk 0:15:37]} 4. e3
{[%clk 0:15:46]} Bf5 {[%clk 0:15:46]} 5. Nf3 {[%clk 0:15:53]} e6 {[%clk 0:15:55]}
6. Nh4 {[%clk 0:16:02]} Be4 {[%clk 0:16:04]} 7. f3 {[%clk 0:16:11]} Bg6
{[%clk 0:16:13]} 8. Qb3 {[%clk 0:16:17]} Qc7 {[%clk 0:16:21]} 9. Bd2
{[%clk 0:16:14]} Be7 {[%clk 0:16:17]} 10. Nxg6 {[%clk 0:15:15]} hxg6
{[%clk 0:16:25]} 11. g3 {[%clk 0:15:22]} Bd6 {[%clk 0:15:27]} 12. f4
{[%clk 0:14:42]} Nbd7 {[%clk 0:14:39]} 13. Bg2 {[%clk 0:13:53]} Be7
{[%clk 0:13:44]} 14. Rc1 {[%clk 0:13:42]} Qb6 {[%clk 0:13:40]} 15. c5
{[%clk 0:11:32]} Qc7 {[%clk 0:13:27]} 16. Qc2 {[%clk 0:11:33]} Ng4
{[%clk 0:11:18]} 17. h3 {[%clk 0:11:39]} Ngf6 {[%clk 0:11:19]} 18. O-O
{[%clk 0:11:14]} O-O {[%clk 0:10:56]} 19. g4 {[%clk 0:10:28]} Rfc8
{[%clk 0:10:36]} 20. b4 {[%clk 0:10:14]} b6 {[%clk 0:10:12]} 21. Nd1
{[%clk 0:07:50]} b5 {[%clk 0:08:47]} 22. Nf2 {[%clk 0:07:15]} Qb7
{[%clk 0:07:23]} 23. a4 {[%clk 0:07:03]} Bd8 {[%clk 0:06:28]} 24. axb5
{[%clk 0:06:29]} Qxb5 {[%clk 0:06:33]} 25. Ra1 {[%clk 0:06:37]} a5
{[%clk 0:05:43]} 26. bxa5 {[%clk 0:06:45]} Bxa5 {[%clk 0:05:50]} 27. Rfb1
{[%clk 0:05:13]} Qe2 {[%clk 0:05:57]} 28. Rxa5 {[%clk 0:04:46]} Rxa5
{[%clk 0:06:05]} 29. Bf1 {[%clk 0:04:55]} Qf3 {[%clk 0:05:49]} 30. Bxa5
{[%clk 0:05:02]} Qxe3 {[%clk 0:05:39]} 31. Qd2 {[%clk 0:04:54]} Qg3+
{[%clk 0:05:37]} 32. Bg2 {[%clk 0:04:44]} Ra8 {[%clk 0:05:40]} 33. Bb4
{[%clk 0:03:58]} Ne4 {[%clk 0:05:38]} 34. Nxe4 {[%clk 0:04:00]} dxe4
{[%clk 0:05:47]} 35. Re1 {[%clk 0:03:31]} Nf6 {[%clk 0:05:50]} 36. Qf2
{[%clk 0:02:43]} Qb3 {[%clk 0:05:50]} 37. Bd2 {[%clk 0:02:40]} Ra2
{[%clk 0:05:54]} 38. Re2 {[%clk 0:02:23]} Rxd2 {[%clk 0:05:26]} 39. Rxd2
{[%clk 0:02:29]} e3 {[%clk 0:05:36]} 40. Qf3 {[%clk 0:02:20]} Nd5
{[%clk 0:05:16]} 41. Re2 {[%clk 0:02:00]} 1-0

[Event "TeamRussiawomen"]
[Site "?"]
[Date "2016.10.06"]
[Round "7.8"]
[White "Belenkaya, Dina"]
[Black "Kovanova, Baira"]
[Result "1-0"]
[LiveChessVersion "1.4.4"]
[BlackElo "2393"]
[WhiteElo "2172"]

1. e4 {[%clk 0:15:17]} e5 {[%clk 0:15:19]} 2. Nf3 {[%clk 0:15:26]} Nc6
{[%clk 0:15:28]} 3. Nc3 {[%clk 0:15:34]} Nf6 {[%clk 0:15:37]} 4. d4
{[%clk 0:15:43]} exd4 {[%clk 0:15:45]} 5. Nxd4 {[%clk 0:15:52]} Bb4
{[%clk 0:15:52]} 6. Nxc6 {[%clk 0:16:00]} bxc6 {[%clk 0:16:00]} 7. Bd3
{[%clk 0:16:09]} O-O {[%clk 0:16:08]} 8. O-O {[%clk 0:16:17]} d5 {[%clk 0:16:17]}
9. exd5 {[%clk 0:16:25]} cxd5 {[%clk 0:16:25]} 10. Bg5 {[%clk 0:16:34]} c6
{[%clk 0:16:33]} 11. Qf3 {[%clk 0:16:42]} h6 {[%clk 0:16:42]} 12. Bxf6
{[%clk 0:16:50]} Qxf6 {[%clk 0:16:50]} 13. Qxf6 {[%clk 0:16:58]} gxf6
{[%clk 0:16:59]} 14. Ne2 {[%clk 0:17:05]} Bd6 {[%clk 0:17:00]} 15. Ng3
{[%clk 0:17:13]} Rb8 {[%clk 0:16:56]} 16. b3 {[%clk 0:17:22]} Re8
{[%clk 0:16:36]} 17. Bf5 {[%clk 0:17:19]} Ba6 {[%clk 0:14:27]} 18. Rfd1
{[%clk 0:15:18]} Be5 {[%clk 0:12:47]} 19. Rab1 {[%clk 0:15:22]} Red8
{[%clk 0:12:37]} 20. Bg4 {[%clk 0:14:18]} Kh7 {[%clk 0:10:46]} 21. Nf5
{[%clk 0:13:37]} Bc8 {[%clk 0:09:52]} 22. Rd3 {[%clk 0:13:17]} Bxf5
{[%clk 0:06:21]} 23. Bxf5+ {[%clk 0:13:25]} Kg7 {[%clk 0:06:30]} 24. Rbd1
{[%clk 0:13:29]} d4 {[%clk 0:04:39]} 25. Rh3 {[%clk 0:13:05]} c5 {[%clk 0:04:33]}
26. Rh4 {[%clk 0:12:43]} Rh8 {[%clk 0:04:07]} 27. Kf1 {[%clk 0:11:30]} Rhg8
{[%clk 0:02:55]} 28. Rd3 {[%clk 0:11:26]} Bc7 {[%clk 0:02:02]} 29. Rdh3
{[%clk 0:10:59]} Rh8 {[%clk 0:02:04]} 30. Rg4+ {[%clk 0:10:25]} Kf8
{[%clk 0:02:13]} 31. Rh5 {[%clk 0:10:16]} Re8 {[%clk 0:02:05]} 32. f4
{[%clk 0:05:36]} Re3 {[%clk 0:01:25]} 33. Bd3 {[%clk 0:05:33]} Bd6
{[%clk 0:01:27]} 34. b4 {[%clk 0:04:45]} cxb4 {[%clk 0:00:44]} 35. Ra5
{[%clk 0:04:44]} Rg8 {[%clk 0:00:24]} 36. Rh4 {[%clk 0:03:50]} Kg7
{[%clk 0:00:32]} 37. Rxa7 {[%clk 0:03:43]} Rge8 {[%clk 0:00:40]} 38. Rd7
{[%clk 0:03:34]} Bc5 {[%clk 0:00:35]} 39. Rh5 {[%clk 0:03:22]} Bb6
{[%clk 0:00:19]} 40. Rb5 {[%clk 0:03:21]} Bd8 {[%clk 0:00:24]} 41. Rxd4
{[%clk 0:02:55]} Re1+ {[%clk 0:00:21]} 42. Kf2 {[%clk 0:02:58]} Rd1
{[%clk 0:00:22]} 43. Kf3 {[%clk 0:02:58]} Be7 {[%clk 0:00:23]} 44. Re4
{[%clk 0:02:54]} Kf8 {[%clk 0:00:24]} 45. Rh5 {[%clk 0:02:32]} Ra8
{[%clk 0:00:16]} 46. Bc4 {[%clk 0:02:22]} Ra3+ {[%clk 0:00:18]} 47. Bb3
{[%clk 0:02:28]} Rf1+ {[%clk 0:00:20]} 48. Kg4 {[%clk 0:02:16]} Rg1
{[%clk 0:00:18]} 49. g3 {[%clk 0:02:21]} Bd6 {[%clk 0:00:12]} 50. Rxh6
{[%clk 0:02:08]} Kg7 {[%clk 0:00:21]} 51. Rh5 {[%clk 0:02:03]} Ra7
{[%clk 0:00:22]} 52. Rd5 {[%clk 0:02:06]} Bf8 {[%clk 0:00:28]} 53. Re8
{[%clk 0:01:58]} Be7 {[%clk 0:00:27]} 54. Rb5 {[%clk 0:01:48]} Bd6
{[%clk 0:00:13]} 55. Rh5 {[%clk 0:01:34]} Bf8 {[%clk 0:00:19]} 56. Rd8
{[%clk 0:01:33]} Re1 {[%clk 0:00:24]} 57. Rb5 {[%clk 0:01:38]} Be7
{[%clk 0:00:29]} 58. Re8 {[%clk 0:01:39]} Kg6 {[%clk 0:00:19]} 59. Rg8+
{[%clk 0:01:25]} Kh7 {[%clk 0:00:24]} 60. Bxf7 {[%clk 0:01:23]} 1-0